| 000 | 00327nam a2200109Ia 4500 | ||
|---|---|---|---|
| 008 | 200924s9999 xx 000 0 und d | ||
| 020 | _a978-130-7428-67-4 | ||
| 245 | _aDiscrete mathematics and its application/ | ||
| 260 |
_aUS: _bMcGraw Hill _c2019 |
||
| 300 |
_aiv, 585 pages _c25 cm. |
||
| 650 | _aComputer science -- mathematics | ||
| 999 |
_c364458 _d364458 |
||